Awful events in American history / (Record no. 5431)

MARC details
000 -LEADER
fixed length control field 01059nam a22003137a 4500
001 - CONTROL NUMBER
control field 5431
003 - CONTROL NUMBER IDENTIFIER
control field FISKH
005 - DATE AND TIME OF LATEST TRANSACTION
control field 20241206113226.0
008 - FIXED-LENGTH DATA ELEMENTS--GENERAL INFORMATION
fixed length control field 241206b cb ||||| |||| 00| 0 eng d
020 ## - INTERNATIONAL STANDARD BOOK NUMBER
International Standard Book Number 9780545909723
040 ## - CATALOGING SOURCE
Original cataloging agency FISKH
Language of cataloging eng
Transcribing agency FISKH
Modifying agency FISKH
050 ## - LIBRARY OF CONGRESS CALL NUMBER
Classification number E178.3
082 ## - DEWEY DECIMAL CLASSIFICATION NUMBER
Classification number 973
100 ## - MAIN ENTRY--PERSONAL NAME
Personal name Williams, Dinah
245 ## - TITLE STATEMENT
Title Awful events in American history /
Statement of responsibility, etc. by Dinah Williams
250 ## - EDITION STATEMENT
Edition statement First edition, September 2016
260 ## - PUBLICATION, DISTRIBUTION, ETC.
Place of publication, distribution, etc. New York :
Name of publisher, distributor, etc. Scholastic ;
Date of publication, distribution, etc. 2016.
300 ## - PHYSICAL DESCRIPTION
Extent 188 pages :
Other physical details illustrations ;
Dimensions 24 cm .
490 ## - SERIES STATEMENT
Series statement Terrible but true
505 ## - FORMATTED CONTENTS NOTE
Formatted contents note Z <br/>
520 ## - SUMMARY, ETC.
Summary, etc. Uncovers dark, bizarre stories in America's history, from the nation's first serial killers and deadly vampire-like diseases to haunted ghost ships and vicious river pirates.
521 8# - TARGET AUDIENCE NOTE
Target audience note 1010 <br/>
Source Lexile estimate <br/>
521 8# - TARGET AUDIENCE NOTE
Target audience note Z <br/>
Source Raz-Plus <br/>
650 ## - SUBJECT ADDED ENTRY--TOPICAL TERM
Topical term or geographic name entry element fashion-or-textile-mills
Form subdivision Non-fiction
650 ## - SUBJECT ADDED ENTRY--TOPICAL TERM
Topical term or geographic name entry element historical events
Form subdivision Non-fiction
700 ## - ADDED ENTRY--PERSONAL NAME
Personal name Sabato, Nancy
Relator term Book designer
942 ## - ADDED ENTRY ELEMENTS (KOHA)
Source of classification or shelving scheme Dewey Decimal Classification
Koha item type Books
Suppress in OPAC No
Holdings
Withdrawn status Lost status Source of classification or shelving scheme Damaged status Not for loan Collection Home library Current library Shelving location Date acquired Total Checkouts Full call number Barcode Date last seen Date last checked out Price effective from Koha item type
    Dewey Decimal Classification     Non-Fiction Footprints International School Library Network Toul Kork Campus Footprints International School Library Network Toul Kork Campus TTP Secondary Non-Fiction Bookshelves 12/06/2024 1 WIL 973 E178.3 FISSE02609 12/02/2025 11/28/2025 12/06/2024 Books